| 000 | 01056cam a2200253 a 4500 | ||
|---|---|---|---|
| 001 | 000014138 | ||
| 005 | 20200929163505.0 | ||
| 008 | 050314s2004 pn ab b 000 0dspa | ||
| 020 | _a996202580X (obra completa) | ||
| 020 | _a9962025818 (v. 1, t. 1) | ||
| 020 | _a9962025826 (v. 1, t. 2) | ||
| 020 | _a9962025842 (v. 3, t. 1) | ||
| 020 | _a9962025850 (v. 3, t. 2) | ||
| 040 |
_aDO-SdBNP _bspa _cBNPHU |
||
| 082 |
_axxxx _bxxxx |
||
| 245 | 0 | 0 |
_aHistoria general de Panamá / _cdirector ; Alfredo Castillero Calvo. |
| 260 |
_aPanama : _bComite Nacional del Centenario de la Republica, _c2004. |
||
| 300 |
_a3 v. : _bil., mapas ; _c24 cm. |
||
| 500 | _aLa biblioteca posee los v. 1, t. 1, V. 3. t. 1 y V. 3. t. 2 | ||
| 504 | _aIncluye referencias bibliográficas y notas al pie de las páginas | ||
| 505 | 0 |
_gv. 1, t. 1. _tLas sociedades originarias. El orden colonial -- _gV. 3. t. 1: _tEl siglo xx. Capítulos 1-17 _gV. 3. t. 2: _tEl siglo xx. Capitulos 18-32 |
|
| 651 | 0 |
_aPanama _xHistory. _931974 |
|
| 700 | 1 |
_aCastillero Calvo, Alfredo, _d1937- _931975 |
|
| 999 |
_c13740 _d13740 |
||